Normal view
MARC view
Entry Personal Name
001 - CONTROL NUMBER
- control field: 8245
003 - CONTROL NUMBER IDENTIFIER
- control field: Ke-BoTe
005 - DATE AND TIME OF LATEST TRANSACTION
- control field: 20220613155327.0
008 - FIXED-LENGTH DATA ELEMENTS
- fixed length control field: 220613|| aca||aabn | a|a d
040 ## - CATALOGING SOURCE
- Original cataloging agency: Ke-BoTe
- Transcribing agency: Ke-BoTe
100 ## - HEADING--PERSONAL NAME
- Personal name: Eveline Ritchie .
- Fuller form of name: Ritchie, Eveline; Pearson, Violet T
670 ## - SOURCE DATA FOUND
- Source citation: Work cat.: (Ke-BoTe)3957: Eveline Ritchie . Ritchie, Eveline; Pearson, Violet T, Taking out my bucketfu /, ©1978.
